000 00658nam a2200205 i 4500
001 79332
003 ES-MaACL
005 20230906173945.0
007 t|
008 041020s1955 sp ||||1| spa d
100 1 _aHenry, Bill.
_962591
245 1 0 _aHistoria de los Juegos Olímpicos /
_cBill Henry ; y un comentario de la última Olimpiada por J.M. Soler ; traducción de J.M. Soler.
260 _aBarcelona :
_bEdit. Hispano-Americana,
_c1955.
300 _a450 p., 28 lám. ;
_c20 cm.
490 1 _aHerakles
700 1 _aSoler, José María.
_9107150
830 0 _aHerakles
_9180867
852 _aES-MaACL
_jC-10555
_bR.37634
999 _c79332
_d79332